00481nam a2200169Ia 450000500170000000800410001702000130005804000190007104100120009008200170010224500720011926000300019130000110022165000390023270000300027185000100030120230328100427.0131103s9999 xx 000 0 und d cRs.26.00 aLoreto College aEnglish a891.443bPAN aDui shataker shrestha bhautik omnibuscEdited by Tushar Kanti Pande aCalcuttabGranthanac1388 a317p.  aBengali literature - Short stories aPande, Tushar Kanti ; ed. aLCLIB